The Physiology of Fishes/ (Record no. 50584)

MARC details
000 -LEADER
fixed length control field 00513nam a22001697a 4500
003 - CONTROL NUMBER IDENTIFIER
control field OSt
008 - FIXED-LENGTH DATA ELEMENTS--GENERAL INFORMATION
fixed length control field 260513b |||||||| |||| 00| 0 eng d
020 ## - INTERNATIONAL STANDARD BOOK NUMBER
International Standard Book Number 9780367477554
082 ## - DEWEY DECIMAL CLASSIFICATION NUMBER
Classification number 597.01
Item number C97P
245 ## - TITLE STATEMENT
Title The Physiology of Fishes/
Remainder of title edited by Suzanne Currie, David H. Evans
260 ## - PUBLICATION, DISTRIBUTION, ETC. (IMPRINT)
Place of publication, distribution, etc Boca Raton:
Name of publisher, distributor, etc CRC Press;
Date of publication, distribution, etc 2021.
300 ## - PHYSICAL DESCRIPTION
Extent xiv, 241 p.
650 ## - SUBJECT ADDED ENTRY--TOPICAL TERM
Topical term or geographic name as entry element Pure Sciences | Zoological Sciences | Fishes | Fish Physiology
700 ## - ADDED ENTRY--PERSONAL NAME
Personal name Currie, Suzanne
700 ## - ADDED ENTRY--PERSONAL NAME
Personal name Evans, David H.
942 ## - ADDED ENTRY ELEMENTS (KOHA)
Source of classification or shelving scheme
Koha item type Books
Holdings
Withdrawn status Lost status Source of classification or shelving scheme Damaged status Not for loan Home library Current library Shelving location Date acquired Source of acquisition Cost, normal purchase price Full call number Barcode Date last seen Bill Date Koha item type Bill Number
          Dr. Rajendra Prasad Central Agricultural University Pusa, Dr. Rajendra Prasad Central Agricultural University Pusa, General Stacks 13/05/2026 Scientific Publishers (India) 8690.00 597.01 C97P 87840 13/05/2026 01/02/2026 Books Invoice/SPI/25-26/425
Hosted, Implemented, Customized & Maintained by: BestBookBuddies

Powered by Koha